000 00659nam a2200241Ia 4500
003 OSt
005 20220918193213.0
006 a|||||r|||| 00| 0
007 ta
008 220917b |||||||| |||| 00| 0 eng d
024 _a72,261
037 _cTextual
040 _aARTS
_cARTS
_beng
041 _2eng
_aeng
082 _aR43W, M0
100 _aFlathman Richard E
_981242
245 0 _aPractice of political authority
_b authority and authoritative
260 _aLondon
_bUniv od Chicago Press
_c1980
300 _axii,274p.
_ccm.
650 _aETHICS
942 _hR43W, M0
_cTEXL
_2CC
999 _c198265
_d198265